Withers v Dalling (VO) (Record no. 117962)

MARC details
000 -LEADER
fixed length control field 01282cam a2200265 4500
001 - CONTROL NUMBER
control field ABS68283
008 - FIXED-LENGTH DATA ELEMENTS--GENERAL INFORMATION
fixed length control field 040907n2004 000 0 eng u
035 ## - SYSTEM CONTROL NUMBER
System control number (Sirsi) u127279
245 ## - TITLE STATEMENT
Title Withers v Dalling (VO)
260 ## - PUBLICATION, DISTRIBUTION, ETC.
Date of publication, distribution, etc. 2004
490 ## - SERIES STATEMENT
Series statement Rating Appeals
Volume/sequential designation [2004] RA 182-187(6)
520 ## - SUMMARY, ETC.
Summary, etc. RA/14/2003, 13 July 2004. Appeal by ratepayer (W) against LVT decision which upheld the valuation officer's assessment of riding stables and premises at £4 940 rateable value. W claimed that the property was exempt by virtue of the Local Government Finance Act 1988 Sched 5 para 1 on the grounds that the entire hereditament consisted of agricultural land and buildings. Appeal dismissed on the grounds that the stable yard and adjoining area did not consist of agricultural land and buildings but were used mainly or exclusively for recreational purposes. LVT decision upheld.
590 ## - LOCAL NOTE (RLIN)
Local note ABS
590 ## - LOCAL NOTE (RLIN)
Local note ABS
650 ## - SUBJECT ADDED ENTRY--TOPICAL TERM
Topical term or geographic name entry element RATING APPEAL
650 ## - SUBJECT ADDED ENTRY--TOPICAL TERM
Topical term or geographic name entry element RATEABLE VALUE
650 ## - SUBJECT ADDED ENTRY--TOPICAL TERM
Topical term or geographic name entry element AGRICULTURAL LAND
650 ## - SUBJECT ADDED ENTRY--TOPICAL TERM
Topical term or geographic name entry element AGRICULTURAL BUILDINGS
650 ## - SUBJECT ADDED ENTRY--TOPICAL TERM
Topical term or geographic name entry element RIDING STABLES
650 ## - SUBJECT ADDED ENTRY--TOPICAL TERM
Topical term or geographic name entry element RECREATIONAL USE
650 ## - SUBJECT ADDED ENTRY--TOPICAL TERM
Topical term or geographic name entry element WITHERS V DALLING (VO)
650 ## - SUBJECT ADDED ENTRY--TOPICAL TERM
Topical term or geographic name entry element LOCAL GOVERNMDNG VINANCE ACT 1988 SCHED 5 PARA 1
690 ## - LOCAL SUBJECT ADDED ENTRY--TOPICAL TERM (OCLC, RLIN)
Topical term or geographic name as entry element RATING AND LOCAL TAXATION-CASE LAW
942 ## - ADDED ENTRY ELEMENTS (KOHA)
Suppress in OPAC 0
Holdings
Withdrawn status Lost status Source of classification or shelving scheme Damaged status Not for loan Home library Current library Shelving location Date acquired Total Checkouts Full call number Barcode Date last seen Copy number Price effective from Koha item type
    Dewey Decimal Classification     London London Journal article 07/09/2004   ABS68283 127279-1001 06/08/2019 1 06/08/2019 Law report